Statistics for The 1975 - If You're Too Shy (Let Me Know)

Click here to take the quiz!

General Stats

  • This quiz has been taken 23 times
  • The average score is 369 of 416

Answer Stats

Answer% Correct
a
100%
And
100%
and
100%
"And
100%
(And
100%
call
100%
go"
100%
her
100%
I
100%
it
100%
know"
100%
know
100%
let
100%
me)
100%
me
100%
not
100%
of
100%
on
100%
online
100%
see
100%
so
100%
the
100%
then
100%
time
100%
to
100%
we
100%
you
100%
your
100%
about
93%
All
93%
all
93%
be
93%
better
93%
clothes
93%
Girl
93%
girl
93%
if
93%
If
93%
I'm
93%
in
93%
like
93%
"Maybe
93%
maybe
93%
off
93%
screen
93%
she
93%
She
93%
stare
93%
there
93%
think
93%
(Too
93%
too
93%
Too
93%
took
93%
tough
93%
would
93%
back
87%
don't
87%
down
87%
found
87%
get
87%
hotel
87%
need
87%
said)
87%
said
87%
talks
87%
that
87%
trying
87%
baby
80%
been
80%
bout
80%
it's
80%
It's
80%
nervous
80%
shy
80%
they
80%
twins
80%
While
80%
won't
80%
called
73%
dreams
73%
give
73%
gotta
73%
I've
73%
mean
73%
playing
73%
seven
73%
should
73%
something
73%
"Well
73%
Well
73%
bins
67%
feel
67%
makes
67%
morning
67%
say
67%
There's
67%
thinking
67%
This
67%
up
67%
what
67%
with
67%
you're
67%
couldn't
60%
drink
60%
every
60%
gonna
60%
looked
60%
murder
60%
nothing
60%
Sometimes
60%
starting
60%
things
60%
through
60%
wearing
60%
weird
60%
giving
53%
stop
53%
wanna
53%
But
47%
ending
47%
happy
47%
motel
47%
my
47%
she's
47%
yeah)
47%
calling
40%
just
40%
(Oh
40%
wanted
40%
care
33%
there'd
27%
pretending
20%
phoned
0%

Score Distribution

Percentile by Number Answered

Percent of People with Each Score

Your Score History

You have not taken this quiz